[Event "Dresden ZMD op"]
[Site "Dresden"]
[Date "2002.??.??"]
[Round "2"]
[White "Berry, Stephen H"]
[Black "Bogomolow, Sergej"]
[Result "1/2-1/2"]
[WhiteElo "2345"]
[BlackElo "2195"]
[PlyCount "77"]
[EventDate "2002.07.18"]
[EventType "swiss"]
[EventRounds "9"]
[EventCountry "GER"]
[SourceTitle "EXT 2003"]
[Source "ChessBase"]
[SourceDate "2002.11.25"]
[SourceVersion "1"]
[SourceVersionDate "2002.11.25"]
[SourceQuality "1"]

1. e4 d6 2. d4 Nf6 3. Nc3 g6 4. Be3 c6 5. Qd2 Bg7 6. Nf3 Bg4 7. Bd3 Bxf3 8.
gxf3 e6 9. O-O-O d5 10. Kb1 Nbd7 11. Ne2 Qb6 12. Rc1 O-O 13. h4 dxe4 14. fxe4
Ng4 15. h5 Nc5 16. c3 Nxd3 17. Qxd3 Qb5 18. c4 Qa6 19. Rh4 Nxe3 20. Qxe3 c5 21.
dxc5 Rad8 22. e5 Qa5 23. Nc3 b6 24. hxg6 fxg6 25. Qh3 Rf5 26. Rxh7 Rd2 27. f4
Qb4 28. b3 Qa3 29. Rc2 Rxc2 30. Kxc2 Rxf4 31. Rxg7+ Kxg7 32. Qe3 Rh4 33. Qf2
Rh1 34. Qf4 Kh7 35. Qf7+ Kh6 36. Qf4+ Kh7 37. Qf7+ Kh8 38. Qf8+ Kh7 39. Qf7+
1/2-1/2

[Event "Dresden ZMD op"]
[Site "Dresden"]
[Date "2002.??.??"]
[Round "3"]
[White "Romashko, Andrey"]
[Black "Berry, Stephen H"]
[Result "0-1"]
[WhiteElo "2015"]
[BlackElo "2345"]
[PlyCount "120"]
[EventDate "2002.07.18"]
[EventType "swiss"]
[EventRounds "9"]
[EventCountry "GER"]
[SourceTitle "EXT 2003"]
[Source "ChessBase"]
[SourceDate "2002.11.25"]
[SourceVersion "1"]
[SourceVersionDate "2002.11.25"]
[SourceQuality "1"]

1. e4 e5 2. Nf3 Nc6 3. Bb5 a6 4. Ba4 d6 5. d4 b5 6. Bb3 Nxd4 7. Nxd4 exd4 8.
Bd5 Rb8 9. Bc6+ Bd7 10. Bxd7+ Qxd7 11. Qxd4 Nf6 12. O-O Be7 13. Nc3 O-O 14. Nd5
Nxd5 15. exd5 Bf6 16. Qd3 Rfe8 17. c3 Qg4 18. Be3 a5 19. Rae1 Qc4 20. Qd2 h6
21. a3 Re5 22. Rd1 Rbe8 23. Rfe1 Qb3 24. h3 R8e7 25. Kh2 Re4 26. Re2 b4 27.
cxb4 axb4 28. Qd3 Qa4 29. Rdd2 b3 30. Re1 Rc4 31. Rde2 Re5 32. f4 Re7 33. Rf1
Rce4 34. Rf3 Qc4 35. Rd2 Qa4 36. g3 Qc4 37. Kg2 Qa4 38. Bf2 Qe8 39. Qxb3 Re2
40. Rfd3 h5 41. Qc2 g5 42. Kf3 R2e4 43. b4 Qd7 44. Kg2 Qf5 45. Rf3 g4 46. Re3
gxh3+ 47. Kh2 h4 48. a4 Qg4 49. Qxe4 Rxe4 50. Rxe4 Qf3 51. Re8+ Kg7 52. Kxh3
Bc3 53. Rc2 Qh1+ 54. Kg4 h3 55. a5 h2 56. a6 Qxd5 57. Bd4+ Bxd4 58. Rxh2 Qc6
59. Rhh8 Qxa6 60. Rh5 Bf6 0-1

[Event "Dresden ZMD op"]
[Site "Dresden"]
[Date "2002.??.??"]
[Round "5"]
[White "Fey, Franziska"]
[Black "Berry, Stephen H"]
[Result "0-1"]
[WhiteElo "2035"]
[BlackElo "2345"]
[PlyCount "84"]
[EventDate "2002.07.18"]
[EventType "swiss"]
[EventRounds "9"]
[EventCountry "GER"]
[SourceTitle "EXT 2003"]
[Source "ChessBase"]
[SourceDate "2002.11.25"]
[SourceVersion "1"]
[SourceVersionDate "2002.11.25"]
[SourceQuality "1"]

1. d4 Nf6 2. c4 e6 3. Nf3 b6 4. g3 Bb7 5. Bg2 Be7 6. O-O O-O 7. Nc3 Ne4 8. Bd2
Bf6 9. Qc2 Nxd2 10. Qxd2 d6 11. e4 Nd7 12. Rab1 g6 13. b4 a5 14. a3 Bg7 15.
Rfc1 Qe7 16. Ne1 f5 17. exf5 Bxg2 18. Nxg2 Rxf5 19. d5 Ne5 20. Qe2 Nf3+ 21. Kh1
axb4 22. axb4 Nd4 23. Qd3 Rf3 24. Qe4 Rxf2 25. dxe6 Re8 26. Nf4 Nxe6 27. Ncd5
Qf7 28. Re1 Be5 29. Nd3 Rf5 30. g4 Ng5 31. Qe2 Rf3 32. N3f4 Rxf4 33. Nxf4 Qxf4
34. Rb3 Rf8 35. Re3 Nf3 36. Re4 Qxh2+ 37. Qxh2 Nxh2 38. c5 bxc5 39. bxc5 Rf2
40. Kg1 Rc2 41. cxd6 Nf3+ 42. Kf1 Nd2+ 0-1

[Event "Dresden ZMD op"]
[Site "Dresden"]
[Date "2002.??.??"]
[Round "6"]
[White "Berry, Stephen H"]
[Black "Berthold, Andreas"]
[Result "0-1"]
[WhiteElo "2345"]
[BlackElo "2150"]
[PlyCount "86"]
[EventDate "2002.07.18"]
[EventType "swiss"]
[EventRounds "9"]
[EventCountry "GER"]
[SourceTitle "EXT 2003"]
[Source "ChessBase"]
[SourceDate "2002.11.25"]
[SourceVersion "1"]
[SourceVersionDate "2002.11.25"]
[SourceQuality "1"]

1. e4 c5 2. Nf3 d6 3. Bb5+ Bd7 4. Bxd7+ Qxd7 5. O-O e6 6. c3 Nf6 7. d3 Be7 8.
Nbd2 O-O 9. Qe2 Nc6 10. Re1 b5 11. Nf1 b4 12. c4 Ne8 13. Be3 Bf6 14. Rad1 e5
15. Bc1 Nc7 16. Ne3 g6 17. Nd5 Nxd5 18. cxd5 Nd4 19. Nxd4 cxd4 20. Bd2 a5 21.
Rc1 Rfc8 22. b3 Ra7 23. Rc4 Rac7 24. g3 Rxc4 25. dxc4 Bg7 26. Kg2 f5 27. Ra1 h5
28. h3 Bf6 29. a3 a4 30. Bxb4 axb3 31. Rb1 fxe4 32. g4 hxg4 33. hxg4 e3 34.
fxe3 d3 35. Qf3 Rxc4 36. Kg3 Qe7 37. e4 Rc2 38. Rh1 b2 39. g5 Bxg5 40. Qg4 Bf4+
41. Kf3 Qf7 42. Rf1 b1=Q 43. Rxb1 Bh6+ 0-1

[Event "Dresden ZMD op"]
[Site "Dresden"]
[Date "2002.??.??"]
[Round "7"]
[White "Hempel, Olaf"]
[Black "Berry, Stephen H"]
[Result "1/2-1/2"]
[WhiteElo "2110"]
[BlackElo "2345"]
[PlyCount "76"]
[EventDate "2002.07.18"]
[EventType "swiss"]
[EventRounds "9"]
[EventCountry "GER"]
[SourceTitle "EXT 2003"]
[Source "ChessBase"]
[SourceDate "2002.11.25"]
[SourceVersion "1"]
[SourceVersionDate "2002.11.25"]
[SourceQuality "1"]

1. c4 e6 2. Nf3 b6 3. g3 Bb7 4. Bg2 Nf6 5. O-O Be7 6. d4 O-O 7. Re1 d5 8. cxd5
exd5 9. Nc3 Na6 10. Bf4 Qd7 11. Rc1 Rfd8 12. a3 Ne4 13. Ne5 Qe6 14. b4 c5 15.
bxc5 bxc5 16. Nb5 f6 17. Nf3 c4 18. Qa4 Qb6 19. Rb1 Bc6 20. Rec1 g5 21. Bd2
Nxd2 22. Nxd2 Kg7 23. Nxc4 dxc4 24. Bxc6 Qxc6 25. Rxc4 Qe6 26. Rbc1 Rac8 27.
Rxc8 Rxc8 28. Rxc8 Qxc8 29. Nxa7 Qb7 30. Nb5 Nc7 31. Nc3 Nd5 32. Nxd5 Qxd5 33.
Qa7 Qe4 34. e3 Kg6 35. a4 Bb4 36. Qb8 Qb1+ 37. Kg2 Qe4+ 38. Kg1 Qb1+ 1/2-1/2

[Event "Dresden ZMD op"]
[Site "Dresden"]
[Date "2002.??.??"]
[Round "8"]
[White "Berry, Stephen H"]
[Black "Salewski, Bernd"]
[Result "1-0"]
[WhiteElo "2345"]
[BlackElo "2100"]
[PlyCount "95"]
[EventDate "2002.07.18"]
[EventType "swiss"]
[EventRounds "9"]
[EventCountry "GER"]
[SourceTitle "EXT 2003"]
[Source "ChessBase"]
[SourceDate "2002.11.25"]
[SourceVersion "1"]
[SourceVersionDate "2002.11.25"]
[SourceQuality "1"]

1. e4 e6 2. d4 d5 3. e5 c5 4. c3 Qb6 5. Nf3 Bd7 6. Be2 Bb5 7. c4 Bxc4 8. Bxc4
Qb4+ 9. Nbd2 dxc4 10. a3 Qb5 11. O-O Nd7 12. Qe2 cxd4 13. Nxc4 Qd5 14. Rd1 d3
15. Qxd3 Qxd3 16. Rxd3 Nc5 17. Rc3 Rd8 18. Be3 h5 19. Na5 b6 20. Bxc5 Bxc5 21.
Nb7 Rb8 22. Nxc5 bxc5 23. Rxc5 Ne7 24. b4 Nd5 25. g3 Kd7 26. Rac1 Rb6 27. Ng5
f6 28. exf6 gxf6 29. Ne4 Ra6 30. Nc3 Nxc3 31. R1xc3 e5 32. h4 Rg8 33. Rc7+ Ke6
34. Rh7 Kf5 35. Rxh5+ Kg4 36. Rh6 e4 37. Kg2 Rd8 38. Rc5 Rg8 39. h5 Rg5 40. Rc4
Kf5 41. Rc3 Kg4 42. f3+ exf3+ 43. Rxf3 Rf5 44. Rc3 Rd5 45. Rc4+ Kg5 46. Rg6+
Kxh5 47. Rg8 Kh6 48. Rh4+ 1-0

[Event "Dresden ZMD op"]
[Site "Dresden"]
[Date "2002.??.??"]
[Round "9"]
[White "Rothe, Guido"]
[Black "Berry, Stephen H"]
[Result "0-1"]
[WhiteElo "2210"]
[BlackElo "2345"]
[PlyCount "70"]
[EventDate "2002.07.18"]
[EventType "swiss"]
[EventRounds "9"]
[EventCountry "GER"]
[SourceTitle "EXT 2003"]
[Source "ChessBase"]
[SourceDate "2002.11.25"]
[SourceVersion "1"]
[SourceVersionDate "2002.11.25"]
[SourceQuality "1"]

1. e4 e5 2. Nf3 Nc6 3. Bb5 a6 4. Ba4 d6 5. d4 b5 6. Bb3 Nxd4 7. Nxd4 exd4 8.
Qxd4 c5 9. Qd5 Be6 10. Qc6+ Bd7 11. Qd5 c4 12. Bxc4 bxc4 13. Qxc4 Nf6 14. Nc3
Be7 15. Bf4 O-O 16. Rd1 Qb6 17. O-O Qxb2 18. Qd4 Rab8 19. Rd3 Qb4 20. Qe3 Bb5
21. Rd4 Qc5 22. Rfd1 Rbc8 23. Nxb5 axb5 24. Qf3 Qxc2 25. g4 Qxa2 26. g5 Nd7 27.
Qh5 Ne5 28. Rd5 Qc2 29. Bxe5 dxe5 30. R5d3 Rc3 31. Rd7 Bc5 32. Qh4 Bd4 33. Ra1
Rf3 34. Qxh7+ Kxh7 35. g6+ fxg6 0-1

[Event "Leuven op 14th"]
[Site "Leuven"]
[Date "2002.11.10"]
[Round "4"]
[White "Barsov, Alexei"]
[Black "Berry, Stephen H"]
[Result "1-0"]
[WhiteElo "2525"]
[BlackElo "2335"]
[PlyCount "87"]
[EventDate "2002.11.08"]
[EventType "swiss"]
[EventRounds "7"]
[EventCountry "BEL"]
[SourceTitle "EXT 2003"]
[Source "ChessBase"]
[SourceDate "2002.11.25"]
[SourceVersion "1"]
[SourceVersionDate "2002.11.25"]
[SourceQuality "1"]

1. d4 Nf6 2. c4 e6 3. Nf3 b6 4. Nc3 Bb4 5. Bg5 Bb7 6. e3 h6 7. Bh4 g5 8. Bg3
Ne4 9. Qe2 Bxc3+ 10. bxc3 d6 11. Nd2 Nxd2 12. Qxd2 Nd7 13. f3 Qe7 14. c5 bxc5
15. Rb1 Bc6 16. Bd3 h5 17. h4 Rg8 18. e4 g4 19. Kf2 gxf3 20. gxf3 Nb6 21. Ba6
d5 22. exd5 Bxd5 23. a4 c4 24. a5 Nc8 25. Rb5 c6 26. Rb7 Qf6 27. Qf4 Qxf4 28.
Bxf4 Ne7 29. Rhb1 Nf5 30. Rb8+ Ke7 31. Bg5+ Rxg5 32. hxg5 Rxb8 33. Rxb8 h4 34.
Rb7+ Kf8 35. Rxa7 h3 36. Rb7 Nh4 37. Kg3 Nxf3 38. Kxh3 Nxg5+ 39. Kg4 Ne4 40.
Rb4 Nxc3 41. Bxc4 Bxc4 42. Rxc4 Nb5 43. a6 Na7 44. Rb4 1-0

[Event "Leuven op 14th"]
[Site "Leuven"]
[Date "2002.11.11"]
[Round "6"]
[White "Fedukin, Alexandre"]
[Black "Berry, Stephen H"]
[Result "0-1"]
[WhiteElo "2182"]
[BlackElo "2335"]
[PlyCount "56"]
[EventDate "2002.11.08"]
[EventType "swiss"]
[EventRounds "7"]
[EventCountry "BEL"]
[SourceTitle "EXT 2003"]
[Source "ChessBase"]
[SourceDate "2002.11.25"]
[SourceVersion "1"]
[SourceVersionDate "2002.11.25"]
[SourceQuality "1"]

1. c4 b6 2. Nc3 e6 3. e4 Bb7 4. g3 f5 5. d3 Nf6 6. f3 Nc6 7. d4 fxe4 8. fxe4 e5
9. d5 Nd4 10. Bd3 Bc5 11. Nh3 O-O 12. Rf1 Qe8 13. Bg5 Qg6 14. Kd2 d6 15. Rf5 h6
16. Bxf6 Rxf6 17. g4 Raf8 18. Be2 Bc8 19. a3 h5 20. b4 Nxe2 21. Nxe2 Qxg4 22.
Rxf6 Rxf6 23. bxc5 Qxh3 24. cxb6 axb6 25. Qg1 Qb3 26. Rb1 Qa2+ 27. Ke3 Bg4 28.
Qxg4 hxg4 0-1

[Event "Cotswold op"]
[Site "Cheltenham"]
[Date "2003.05.25"]
[Round "3"]
[White "White, Ian Graham"]
[Black "Berry, Stephen H"]
[Result "0-1"]
[WhiteElo "2008"]
[BlackElo "2335"]
[PlyCount "62"]
[EventDate "2003.05.24"]
[EventType "swiss"]
[EventRounds "6"]
[EventCountry "ENG"]
[SourceTitle "EXT 2005"]
[Source "ChessBase"]
[SourceDate "2004.11.15"]
[SourceVersion "1"]
[SourceVersionDate "2004.11.15"]
[SourceQuality "1"]

1. e4 Nf6 2. e5 Nd5 3. d4 d6 4. Nf3 Bg4 5. Be2 c6 6. O-O Bxf3 7. Bxf3 dxe5 8.
dxe5 e6 9. Re1 Nd7 10. Nd2 Qc7 11. Nc4 N7b6 12. Bxd5 cxd5 13. Nd6+ Bxd6 14.
exd6 Qxd6 15. Qg4 Rg8 16. Bf4 Qc6 17. Bg5 Nd7 18. c4 dxc4 19. Rac1 Rc8 20. Rc3
h6 21. Rce3 hxg5 22. Rxe6+ fxe6 23. Rxe6+ Kd8 24. Qxg5+ Nf6 25. Qd2+ Qd7 26.
Rd6 Re8 27. Rxd7+ Nxd7 28. g3 Rc5 29. Qd4 Re7 30. h4 b5 31. Kg2 b4 0-1

[Event "Cotswold op"]
[Site "Cheltenham"]
[Date "2003.05.25"]
[Round "4"]
[White "Sherwin, James T"]
[Black "Berry, Stephen H"]
[Result "1/2-1/2"]
[WhiteElo "2323"]
[BlackElo "2335"]
[PlyCount "57"]
[EventDate "2003.05.24"]
[EventType "swiss"]
[EventRounds "6"]
[EventCountry "ENG"]
[SourceTitle "EXT 2005"]
[Source "ChessBase"]
[SourceDate "2004.11.15"]
[SourceVersion "1"]
[SourceVersionDate "2004.11.15"]
[SourceQuality "1"]

1. d4 Nf6 2. Nf3 e6 3. c4 b6 4. a3 Bb7 5. Nc3 d5 6. Bg5 Be7 7. Qa4+ c6 8. Bxf6
Bxf6 9. cxd5 exd5 10. e3 O-O 11. Rd1 Re8 12. Qc2 Nd7 13. Be2 Qe7 14. Qb3 Nf8
15. O-O Ne6 16. Rfe1 g6 17. Bf1 Bg7 18. g3 Ng5 19. Nxg5 Qxg5 20. Bg2 Re6 21.
Ne2 Re7 22. Nf4 Qf6 23. Qc2 Qd6 24. Rc1 Rae8 25. Qd2 h5 26. b4 Bh6 27. Nd3 Bg7
28. Nf4 Bh6 29. Nd3 1/2-1/2

[Event "Cotswold op"]
[Site "Cheltenham"]
[Date "2003.05.26"]
[Round "5"]
[White "Berry, Stephen H"]
[Black "Wademark, Helge"]
[Result "1-0"]
[WhiteElo "2335"]
[BlackElo "2202"]
[PlyCount "49"]
[EventDate "2003.05.24"]
[EventType "swiss"]
[EventRounds "6"]
[EventCountry "ENG"]
[SourceTitle "EXT 2005"]
[Source "ChessBase"]
[SourceDate "2004.11.15"]
[SourceVersion "1"]
[SourceVersionDate "2004.11.15"]
[SourceQuality "1"]

1. e4 e6 2. d4 d5 3. e5 c5 4. c3 Bd7 5. Nf3 Qb6 6. Be2 Bb5 7. c4 Bxc4 8. Bxc4
dxc4 9. d5 exd5 10. Qxd5 Qc6 11. Qxc4 Nh6 12. O-O b5 13. Qc2 Be7 14. a4 b4 15.
Nbd2 Qe6 16. Ne4 Nd7 17. Bxh6 gxh6 18. Rad1 Kf8 19. Rfe1 Qf5 20. Qd2 Rd8 21.
Qxh6+ Kg8 22. Nf6+ Nxf6 23. Rxd8+ Bxd8 24. exf6 Qxf6 25. Re8# 1-0

[Event "Cotswold op"]
[Site "Cheltenham"]
[Date "2003.05.26"]
[Round "6"]
[White "Berry, Stephen H"]
[Black "Pigott, John C"]
[Result "1/2-1/2"]
[WhiteElo "2335"]
[BlackElo "2382"]
[PlyCount "54"]
[EventDate "2003.05.24"]
[EventType "swiss"]
[EventRounds "6"]
[EventCountry "ENG"]
[SourceTitle "EXT 2005"]
[Source "ChessBase"]
[SourceDate "2004.11.15"]
[SourceVersion "1"]
[SourceVersionDate "2004.11.15"]
[SourceQuality "1"]

1. e4 c5 2. Nf3 d6 3. Bb5+ Bd7 4. Bxd7+ Nxd7 5. O-O Ngf6 6. Re1 e6 7. b3 Be7 8.
Bb2 O-O 9. c4 a6 10. d4 cxd4 11. Nxd4 Rc8 12. Nc3 Re8 13. Qe2 Qa5 14. Rad1 Qc5
15. Kh1 Qh5 16. f3 Ne5 17. Rg1 Ng6 18. Qf2 Qc5 19. Rgf1 Bd8 20. f4 Ba5 21. Qf3
b5 22. f5 Ne5 23. Qg3 Bxc3 24. Qxc3 bxc4 25. fxe6 fxe6 26. bxc4 Qxc4 27. Qe3
Qxa2 1/2-1/2

[Event "Staffs I v Surrey I"]
[Site "?"]
[Date "2003.06.14"]
[Round "?"]
[White "Cooper, Lawrence H"]
[Black "Berry, Stephen H"]
[Result "0-1"]
[WhiteElo "2351"]
[BlackElo "2264"]
[PlyCount "64"]
[EventDate "2003.06.14"]
[EventCountry "ENG"]

1. e4 e5 2. Nf3 Nc6 3. Bb5 a6 4. Ba4 d6 5. Bxc6+ bxc6 6. d4 f6 7. c4 Ne7 8. Nc3
Ng6 9. Be3 Be7 10. O-O O-O 11. h3 Qe8 12. Qe2 Qf7 13. Rfd1 a5 14. c5 Rb8 15.
Rac1 dxc5 16. dxc5 f5 17. exf5 Bxf5 18. Ng5 Bxg5 19. Bxg5 h6 20. Be3 Nh4 21.
Kh2 Rb4 22. f3 Qh5 23. Bg1 Bxh3 24. gxh3 Nxf3+ 25. Kg2 Rh4 26. Bf2 Rg4+ 27. Bg3
Rxg3+ 28. Kxg3 Qg5+ 29. Kf2 Nd4+ 30. Ke1 Qg3+ 31. Kd2 Nxe2 32. Nxe2 Qxh3 {
Source: Lawrence Cooper (EC Forum)} 0-1

[Event "Dresden ZMD op"]
[Site "Dresden"]
[Date "2003.07.25"]
[Round "1"]
[White "Schmidt, Carsten"]
[Black "Berry, Stephen H"]
[Result "0-1"]
[WhiteElo "2137"]
[BlackElo "2335"]
[PlyCount "64"]
[EventDate "2003.07.25"]
[EventType "swiss"]
[EventRounds "9"]
[EventCountry "GER"]
[SourceTitle "EXT 2004"]
[Source "ChessBase"]
[SourceDate "2003.11.25"]
[SourceVersion "1"]
[SourceVersionDate "2003.11.25"]
[SourceQuality "1"]

1. e4 e5 2. Nf3 Nc6 3. d4 exd4 4. c3 dxc3 5. Nxc3 Bb4 6. Bc4 d6 7. O-O Bxc3 8.
bxc3 Bg4 9. Qb3 Bxf3 10. Bxf7+ Kf8 11. Bxg8 Rxg8 12. gxf3 Ne5 13. f4 Nf3+ 14.
Kg2 Nh4+ 15. Kh1 Qd7 16. f5 Qc6 17. f3 Re8 18. f6 gxf6 19. Bh6+ Ke7 20. Rg1 Rg6
21. Rxg6 hxg6 22. Rf1 g5 23. Bg7 Ng6 24. Rd1 Nf4 25. h4 Ne6 26. Bxf6+ Kxf6 27.
hxg5+ Nxg5 28. Rd5 Rh8+ 29. Kg2 Ne6 30. Rf5+ Ke7 31. Kg3 Qb6 32. Qd5 Rg8+ 0-1

[Event "Dresden ZMD op"]
[Site "Dresden"]
[Date "2003.07.26"]
[Round "2"]
[White "Berry, Stephen H"]
[Black "Gershon, Alik"]
[Result "0-1"]
[WhiteElo "2335"]
[BlackElo "2510"]
[PlyCount "56"]
[EventDate "2003.07.25"]
[EventType "swiss"]
[EventRounds "9"]
[EventCountry "GER"]
[SourceTitle "EXT 2004"]
[Source "ChessBase"]
[SourceDate "2003.11.25"]
[SourceVersion "1"]
[SourceVersionDate "2003.11.25"]
[SourceQuality "1"]

1. e4 c5 2. Nf3 e6 3. d3 Nc6 4. g3 d5 5. Nbd2 Nge7 6. Bg2 g6 7. O-O Bg7 8. Re1
b6 9. c3 Qc7 10. Qe2 O-O 11. e5 g5 12. Nxg5 Qxe5 13. Nde4 dxe4 14. Qh5 h6 15.
Bf4 Qf6 16. Bxe4 e5 17. Nh7 Qd6 18. Bg5 Rd8 19. Bxe7 Qxe7 20. Bxc6 Bb7 21. Bxb7
Qxb7 22. f4 Kxh7 23. fxe5 Kg8 24. Re3 Rd5 25. Rf1 Re8 26. Rf5 Re7 27. Qe2 Qc8
28. g4 Qe8 0-1

[Event "Dresden ZMD op"]
[Site "Dresden"]
[Date "2003.07.27"]
[Round "3"]
[White "Schnock, Stefan"]
[Black "Berry, Stephen H"]
[Result "0-1"]
[WhiteElo "2037"]
[BlackElo "2335"]
[PlyCount "68"]
[EventDate "2003.07.25"]
[EventType "swiss"]
[EventRounds "9"]
[EventCountry "GER"]
[SourceTitle "EXT 2004"]
[Source "ChessBase"]
[SourceDate "2003.11.25"]
[SourceVersion "1"]
[SourceVersionDate "2003.11.25"]
[SourceQuality "1"]

1. e4 Nf6 2. e5 Nd5 3. d4 d6 4. c4 Nb6 5. exd6 exd6 6. Bd3 Be7 7. Nc3 Nc6 8.
Nge2 Bg4 9. Be3 Bh5 10. f4 Bh4+ 11. g3 Bf6 12. Qb3 O-O 13. O-O-O Re8 14. Bf2 a5
15. a3 h6 16. Rhg1 Bf3 17. g4 a4 18. Qa2 Na5 19. Kb1 d5 20. c5 Nbc4 21. Rg3
Bxe2 22. Nxe2 Bh4 23. Rg2 Bxf2 24. Rxf2 Qh4 25. Ng3 Qxg4 26. Rg1 Re3 27. Bf5
Rxg3 28. Bxg4 Rxg1+ 29. Kc2 Rxg4 30. Qb1 Re8 31. Kc3 Re3+ 32. Kb4 Rb3+ 33. Kxa4
b5+ 34. cxb6 cxb6 0-1

[Event "Dresden ZMD op"]
[Site "Dresden"]
[Date "2003.07.28"]
[Round "4"]
[White "Berry, Stephen H"]
[Black "Ledfuss, Guntram"]
[Result "1-0"]
[WhiteElo "2335"]
[BlackElo "1950"]
[PlyCount "25"]
[EventDate "2003.07.25"]
[EventType "swiss"]
[EventRounds "9"]
[EventCountry "GER"]
[SourceTitle "EXT 2004"]
[Source "ChessBase"]
[SourceDate "2003.11.25"]
[SourceVersion "1"]
[SourceVersionDate "2003.11.25"]
[SourceQuality "1"]

1. e4 e5 2. Nf3 Nc6 3. Bb5 a6 4. Bxc6 dxc6 5. O-O Qd6 6. Na3 Be6 7. Qe2 f6 8.
Rd1 O-O-O 9. d4 Qd7 10. Nc4 Bc5 11. Be3 Qf7 12. Ncxe5 fxe5 13. dxc5 1-0

[Event "Dresden ZMD op"]
[Site "Dresden"]
[Date "2003.07.29"]
[Round "5"]
[White "Miersch, Marco"]
[Black "Berry, Stephen H"]
[Result "0-1"]
[WhiteElo "2106"]
[BlackElo "2335"]
[PlyCount "84"]
[EventDate "2003.07.25"]
[EventType "swiss"]
[EventRounds "9"]
[EventCountry "GER"]
[SourceTitle "EXT 2004"]
[Source "ChessBase"]
[SourceDate "2003.11.25"]
[SourceVersion "1"]
[SourceVersionDate "2003.11.25"]
[SourceQuality "1"]

1. e4 e5 2. Nf3 Nc6 3. Bb5 a6 4. Ba4 d6 5. c3 Bd7 6. O-O Nf6 7. d4 Qe7 8. Nbd2
g6 9. Re1 Bg7 10. d5 Nb8 11. Bc2 a5 12. a4 O-O 13. b4 Nh5 14. bxa5 Rxa5 15. Ba3
Ra8 16. c4 b6 17. Nb1 Nf4 18. Nc3 Na6 19. Ra2 g5 20. Nd2 g4 21. Nf1 Kh8 22. a5
bxa5 23. Ba4 Nb4 24. Bxb4 axb4 25. Bxd7 Qxd7 26. Rxa8 Rxa8 27. Nb5 h5 28. Ne3
Bf6 29. Nf5 Rg8 30. Re3 Rg5 31. Rb3 Rxf5 32. exf5 Qxf5 33. Nxc7 Qe4 34. Qf1
Ne2+ 35. Kh1 Qxc4 36. Rb1 b3 37. Ne8 Be7 38. h3 gxh3 39. gxh3 Qe4+ 40. Kh2 Bg5
41. Rxb3 Bf4+ 42. Rg3 h4 0-1

[Event "Dresden ZMD op"]
[Site "Dresden"]
[Date "2003.07.30"]
[Round "6"]
[White "Berry, Stephen H"]
[Black "Joachim, Sven"]
[Result "1/2-1/2"]
[WhiteElo "2335"]
[BlackElo "2483"]
[PlyCount "40"]
[EventDate "2003.07.25"]
[EventType "swiss"]
[EventRounds "9"]
[EventCountry "GER"]
[SourceTitle "EXT 2004"]
[Source "ChessBase"]
[SourceDate "2003.11.25"]
[SourceVersion "1"]
[SourceVersionDate "2003.11.25"]
[SourceQuality "1"]

1. b3 d5 2. Bb2 Bg4 3. f3 Bh5 4. e3 Nd7 5. c4 dxc4 6. Bxc4 e5 7. Ne2 Bd6 8. Ng3
Bg6 9. O-O Ngf6 10. Nc3 Qe7 11. Nce4 h5 12. Nxf6+ Nxf6 13. Ne4 Nxe4 14. fxe4
O-O-O 15. Qf3 f6 16. a3 Kb8 17. b4 Rdf8 18. Bc3 f5 19. exf5 Rxf5 20. Qe2 Rhf8
1/2-1/2

[Event "Dresden ZMD op"]
[Site "Dresden"]
[Date "2003.07.31"]
[Round "7"]
[White "Baramidze, David"]
[Black "Berry, Stephen H"]
[Result "1/2-1/2"]
[WhiteElo "2470"]
[BlackElo "2335"]
[PlyCount "83"]
[EventDate "2003.07.25"]
[EventType "swiss"]
[EventRounds "9"]
[EventCountry "GER"]
[SourceTitle "EXT 2004"]
[Source "ChessBase"]
[SourceDate "2003.11.25"]
[SourceVersion "1"]
[SourceVersionDate "2003.11.25"]
[SourceQuality "1"]

1. e4 e5 2. Nf3 Nc6 3. Bb5 a6 4. Ba4 d6 5. O-O Bd7 6. d4 Nf6 7. Bxc6 Bxc6 8.
Re1 Be7 9. Nc3 exd4 10. Nxd4 O-O 11. Nf5 Nd7 12. Qh5 Bf6 13. Nd5 Bxd5 14. exd5
g6 15. Nh6+ Kg7 16. Qh3 Ne5 17. Rb1 Re8 18. Bd2 Bg5 19. Nf5+ gxf5 20. Qg3 h6
21. h4 f6 22. hxg5 hxg5 23. f4 Ng4 24. fxg5 fxg5 25. Rxe8 Qxe8 26. Re1 Qh5 27.
Re7+ Kg6 28. Qh3 Qxh3 29. gxh3 Ne5 30. Ba5 b6 31. Bc3 Rc8 32. Kg2 f4 33. Bxe5
dxe5 34. Rxe5 Kf6 35. Re6+ Kf5 36. Re7 b5 37. Rd7 Re8 38. Rxc7 Re2+ 39. Kf3
Re3+ 40. Kg2 Re2+ 41. Kf3 Re3+ 42. Kg2 1/2-1/2

[Event "Dresden ZMD op"]
[Site "Dresden"]
[Date "2003.08.01"]
[Round "8"]
[White "Berry, Stephen H"]
[Black "Tolhuizen, Ludo"]
[Result "1/2-1/2"]
[WhiteElo "2335"]
[BlackElo "2237"]
[PlyCount "22"]
[EventDate "2003.07.25"]
[EventType "swiss"]
[EventRounds "9"]
[EventCountry "GER"]
[SourceTitle "EXT 2004"]
[Source "ChessBase"]
[SourceDate "2003.11.25"]
[SourceVersion "1"]
[SourceVersionDate "2003.11.25"]
[SourceQuality "1"]

1. e4 d5 2. exd5 Qxd5 3. Nf3 Bg4 4. Be2 Nc6 5. d4 O-O-O 6. Be3 e5 7. Nc3 Qa5 8.
Nxe5 Bxe2 9. Qxe2 Nxe5 10. dxe5 Qxe5 11. O-O Nf6 1/2-1/2

[Event "Dresden ZMD op"]
[Site "Dresden"]
[Date "2003.08.02"]
[Round "9"]
[White "Kotlyar, Dimitri"]
[Black "Berry, Stephen H"]
[Result "1/2-1/2"]
[WhiteElo "2183"]
[BlackElo "2335"]
[PlyCount "50"]
[EventDate "2003.07.25"]
[EventType "swiss"]
[EventRounds "9"]
[EventCountry "GER"]
[SourceTitle "EXT 2004"]
[Source "ChessBase"]
[SourceDate "2003.11.25"]
[SourceVersion "1"]
[SourceVersionDate "2003.11.25"]
[SourceQuality "1"]

1. e4 e5 2. Nf3 Nc6 3. d4 exd4 4. Nxd4 g6 5. Nc3 Bg7 6. Be3 d6 7. Be2 Nf6 8.
O-O O-O 9. f4 Re8 10. Bf3 Bd7 11. h3 a6 12. a4 Nb4 13. Qd2 c5 14. Nde2 Bc6 15.
Rad1 Nxe4 16. Nxe4 Bxe4 17. Bxe4 Rxe4 18. Bxc5 Qe8 19. Bxb4 Rxe2 20. Qd3 Qe4
21. Qxe4 Rxe4 22. c3 a5 23. Bxd6 Rxa4 24. Be5 Ra2 25. Rf2 b5 1/2-1/2